| 000 | 00979nam a22003137a 4500 | ||
|---|---|---|---|
| 003 | CHAP | ||
| 005 | 20220329141530.0 | ||
| 008 | 971013s1978 r 00010 d | ||
| 010 | _a69715 | ||
| 011 | _a70687 | ||
| 035 | _a80229 | ||
| 040 | _cCHAP | ||
| 082 |
_a633.2 _bP6 1978 |
||
| 100 | 0 | 0 |
_aPohl, Richard W. _990165 |
| 245 | _aHow to know the grasses | ||
| 250 | _a3 ed | ||
| 260 |
_aDubuque, Iowa : _bPicture Key Nature Series, _c1978 |
||
| 300 |
_a200 p. _b: ilus. |
||
| 490 | _aPicture key nature series | ||
| 590 |
_aBATCH-UPD _b10 _c20130110 _lUCH01 _h0701 |
||
| 590 |
_aCONVERSION _b10 _c20130109 _lUCH01 _h1338 |
||
| 650 | 1 | 4 |
_aPastos. _985986 |
| 830 | 0 |
_aPicture key nature series _987990 |
|
| 901 | _aBK | ||
| 942 | _cLIBRO | ||
| 949 |
_a633.2 P6 1978 _bBC _cC _d33724000653390 _eC _fc.3 _h56535 _i80229 _si |
||
| 949 |
_a633.2 P6 1978 _bBC _cC _d33724000654620 _eC _fc.2 _h154942 _i80229 _si _t150.00 |
||
| 949 |
_a633.2 P6 1978 _bBC _cC _d33724000654703 _eC _h46138 _i80229 _si |
||
| 999 |
_c69715 _d69715 |
||